| 000 | 00493nam a2200169Ia 4500 | ||
|---|---|---|---|
| 001 | 11608 | ||
| 008 | 140331s9999 xx 000 0 und d | ||
| 020 | _a0-684-81196-0 | ||
| 040 | _cPK-LaUMT | ||
| 082 |
_a 307.12 _bKUN-H |
||
| 100 | _aKunstler, James Howard | ||
| 245 |
_aHome from nowhere: _bremaking our everyday world for the twenty-first century. _cKunstler, James Howard |
||
| 260 |
_aEnglewood Cliffs,USA: _bSimon & Schuster, _c1996 |
||
| 300 | _a318 p. | ||
| 546 | _aEN | ||
| 942 | _cBK | ||
| 999 |
_c12477 _d12477 |
||